000 00390nam a2200181Ia 4500
003 0STCL
008 150530s9999 xx 000 0 und d
040 _aSTCL
_cSTCL
100 _aParappurath
245 _aPunyabhoomi
250 _a1
260 _bSahrudayavedi; Trichur
_c1978
300 _a0
546 _aMalayalam
942 _2ddc
_cBK
999 _c46517
_d46517
005 20220125170709.0